Entrepreneurship development (Record no. 62708)

MARC details
000 -LEADER
fixed length control field 00838nam a2200157 a 4500
008 - FIXED-LENGTH DATA ELEMENTS--GENERAL INFORMATION
fixed length control field 120416s0000 ||||||||||||||||| || u
020 ## - INTERNATIONAL STANDARD BOOK NUMBER
International Standard Book Number 0074633295
050 ## - LIBRARY OF CONGRESS CALL NUMBER
Classification number HB 615 Col
245 10 - TITLE STATEMENT
Title Entrepreneurship development
246 ## -
-- Colombo Plan Staff College for Technician Education - Manila
260 ## - PUBLICATION, DISTRIBUTION, ETC.
Place of publication, distribution, etc. New Delhi
Name of publisher, distributor, etc. Tata McGraw-Hill
Date of publication, distribution, etc. 1998
350 ## -
-- 0.00
995 ## -
-- MAIN LIBRARY OPEN ACCESS
-- 0.00
-- 732295
-- CBU-MAIN LIBRARY (Kitwe)
-- 2
-- 0.00
-- HB 615 Col
-- 2
-- AVAILABLE
-- 029470
-- Main Library Open Access Collection
995 ## -
-- MAIN LIBRARY OPEN ACCESS
-- 0.00
-- 732296
-- CBU-MAIN LIBRARY (Kitwe)
-- 3
-- 0.00
-- HB 615 Col
-- 3
-- AVAILABLE
-- 029496
-- Main Library Open Access Collection
995 ## -
-- MAIN LIBRARY OPEN ACCESS
-- 0.00
-- 732294
-- CBU-MAIN LIBRARY (Kitwe)
-- 1
-- 0.00
-- HB 615 Col
-- 1
-- AVAILABLE
-- 029760
-- Main Library Open Access Collection
999 ## -
-- 62708
-- 62708
Holdings
Withdrawn status Lost status Source of classification or shelving scheme Damaged status Not for loan Permanent Location Current Location Shelving location Date acquired Total Checkouts Full call number Barcode Date last seen Price effective from Koha item type
          CBU-MAIN LIBRARY, KITWE. CBU-MAIN LIBRARY, KITWE.   12/16/2022   HB 615 Col 029470 12/16/2022 12/16/2022 MONOGRAPH
          CBU-MAIN LIBRARY, KITWE. CBU-MAIN LIBRARY, KITWE.   12/16/2022   HB 615 Col 029496 12/16/2022 12/16/2022 MONOGRAPH
          CBU-MAIN LIBRARY, KITWE. CBU-MAIN LIBRARY, KITWE.   12/16/2022   HB 615 Col 029760 12/16/2022 12/16/2022 MONOGRAPH